| 000 | 00420nam a22001337a 4500 | ||
|---|---|---|---|
| 020 | _a9780691138275 | ||
| 082 |
_a347.7314 _bBAU |
||
| 100 |
_aBaum, Lawrence _9128410 |
||
| 245 |
_aJudges and their Audience: _ba perspective no judicial behavior / _cLawrence Baum |
||
| 260 |
_aPrinceton : _bPrinceton University Press, _c2006. |
||
| 300 | _a231 p. | ||
| 650 |
_aLaw, Judges and their Audience _9128411 |
||
| 942 |
_2ddc _cBK |
||
| 999 |
_c613381 _d613381 |
||